| 000 | 02142nam0a2200397 4500 | ||
|---|---|---|---|
| 001 | RU\NLR\bibl\1213459 | ||
| 005 | 20260405152851.0 | ||
| 010 |
_a978-5-7677-1118-5 _9200 |
||
| 021 |
_aRU _b2008-11917 _9653 |
||
| 035 | _a(nilc)EL/0000185652 | ||
| 035 | _a(NLR Aleph) 001199863 | ||
| 090 |
_a1769052 _c1769052 |
||
| 100 | _a20080408d2007 |||y0rusy50 ca | ||
| 101 | 0 | _arus | |
| 102 | _aRU | ||
| 105 | _aa ||||||||| | ||
| 200 | 1 |
_aТехнологическая оснастка _eучебное пособие _e[для студентов 4-6 курсов машиностроительных специальностей] _fА. В. Дачева, М. М. Зорина, Б. П. Медведев _gМ-во образования и науки Рос. Федерации, Федер. агентство по образованию, Чуваш. гос. ун-т им. И. Н. Ульянова |
|
| 210 |
_aЧебоксары _cИзд-во Чувашского университета _d2007 |
||
| 215 |
_a207 с. _cил. _d20 |
||
| 300 | _aПосвящается 40-летию Чуваш. гос. ун-та им. И. Н. Ульянова | ||
| 320 | _aБиблиогр.: с. 206 (6 назв.) | ||
| 606 | 1 |
_aМашиностроительные заводы _jУчебные издания для высших учебных заведений _xТехнологическая оснастка _92168775 _3RU\NLR\auth\661304742 |
|
| 686 |
_a34.41-02;я73 _vLBC/RL _2rubbk |
||
| 686 |
_a34.447;я73 _vLBC/RL _2rubbk |
||
| 686 | _aК5-5я73-1 | ||
| 700 | 1 |
_4070 _8rus _7ca _aДачева _bА. В. _gАнна Владимировна _3RU\NLR\auth\7763923 _946852 |
|
| 701 | 1 |
_4070 _8rus _7ca _aЗорина _bМ. М. _gМарина Михайловна _3RU\NLR\auth\7763924 _946853 |
|
| 701 | 1 |
_4070 _8rus _7ca _aМедведев _bБ. П. _cтехнолог _gБорис Павлович _3RU\NLR\auth\7763926 _946855 |
|
| 801 | 0 |
_aRU _bНБР Чувашия _c20080408 _grcr |
|
| 801 | 1 |
_aRU _bНБР Чувашия _c20080408 |
|
| 801 | 2 |
_aRU _bNLR _c20080411 _grcr |
|
| 830 | _aАвт. по кн | ||
| 942 | _cBOOK | ||
| 980 | _aNB | ||
| 980 | _aNBR | ||